Most Congested Cities In The U.S. - Statistics

General Stats
  • This quiz has been taken 51 times
  • The average score is 9 of 10
Answer Stats
City % Correct
Miami
100%
New York City
100%
Los Angeles
98%
Chicago
95%
Dallas
93%
San Francisco
93%
Boston
90%
Atlanta
88%
Washington D.C.
88%
Seattle
83%
No matching quizzes found
Score Distribution
Percent of People with Each Score
Percentile by Number Answered
Your Score History
You have not taken this quiz